Lääketieteen erikoisalat - Statistics

Yleistilastot
  • Tätä visaa on pelattu 214 kertaa
  • Keskiarvotulos 14 / 51
Vastaustilastot
Vastaus % Oikein
Neurologia
68%
Gastroenterologinen kirurgia
67%
Kardiologia
67%
Gynekologia
65%
Urologia
59%
Psykiatria
57%
Yleislääketiede
47%
Geriatria
45%
Lastentaudit
43%
Syöpätaudit
38%
Ortopedia ja traumatologia
37%
Sisätaudit
37%
Patologia
35%
Radiologia
35%
Korva-, nenä- ja kurkkutaudit
33%
Akuuttilääketiede
32%
Fysiatria
31%
Neurokirurgia
31%
Silmätaudit
31%
Gastroenterologia
30%
Nefrologia
29%
Plastiikkakirurgia
28%
Reumatologia
28%
Kliininen hematologia
24%
Yleiskirurgia
24%
Anestesiologia ja tehohoito
23%
Endokrinologia
23%
Lastenneurologia
22%
Lastenpsykiatria
21%
Oikeuslääketiede
20%
Ihotaudit ja allergologia
19%
Lastenkirurgia
19%
Keuhkosairaudet ja allergologia
18%
Verisuonikirurgia
18%
Foniatria
16%
Kliininen kemia
16%
Naistentaudit ja synnytykset
16%
Liikuntalääketiede
15%
Kliininen fysiologia ja isotooppilääketiede
12%
Nuorisopsykiatria
12%
Suu- ja leukakirurgia
12%
Kliininen neurofysiologia
11%
Perinnöllisyyslääketiede
11%
Sydän- ja rintaelinkirurgia
11%
Työterveyshuolto
11%
Kliininen mikrobiologia
9%
Oikeuspsykiatria
9%
Infektiosairaudet
8%
Terveydenhuolto
7%
Kliininen farmakologia ja lääkehoito
5%
Käsikirusrgia
1%
Ehtoja vastaavia visoja ei löytynyt
Tulosjakauma
Jokaisen tuloksen saaneiden osuus
Persentiili vastausten määrän mukaan
Tuloshistoriasi
Et ole pelannut tätä visaa